[Event "45th Olympiad 2024"]
[Site "Budapest HUN"]
[Date "2024.09.16"]
[Round "6.13"]
[Board "1"]
[White "Henriquez Villagra, Cristobal"]
[Black "Predke, Alexandr"]
[Result "0-1"]
[WhiteElo "2604"]
[BlackElo "2671"]
[PlyCount "144"]
[EventDate "2024.09.11"]
[WhiteTeam "Chile"]
[BlackTeam "Serbia"]
[WhiteTeamCountry "CHI"]
[BlackTeamCountry "SRB"]

1. Nf3 Nf6 2. g3 b6 3. Bg2 Bb7 4. d3 g6 5. e4 d6 6. O-O c5 7. c4 Bg7 8. Nc3 O-O 9. h4 $146 ({RR} 9. Be3 Nbd7 10. Ne1 Ne8 11. Qd2 Nc7 12. Bh6 Ne6 13. Bxg7 Kxg7 14. Nc2 Ne5 15. f4 Nc6 16. f5 Ned4 17. Ne3 Ne5 18. Rf2 f6 19. Ne2 Nxe2+ 20. Qxe2 g5 21. Bf3 Bc6 22. h4 h6 23. Rh2 Qd7 {1-0 Regedzinski,T-Lilienthal,A Stubnanske Teplice 1930}) ({RR} 9. h3 Nbd7 10. Be3 Rc8 11. Nh4 Bc6 12. f4 a6 13. a4 Ne8 14. g4 Nc7 15. f5 b5 16. axb5 axb5 17. g5 b4 18. Nd5 Bxd5 19. exd5 Bxb2 20. Rb1 Bc3 21. Be4 Kg7 22. Ng2 Ra8 23. h4 Ra2 {1-0 Wei,Y (2736)-Praggnanandhaa,R (2536) chess.com Speed U20 blitz 2019 (1.3)}) ({RR} 9. Bf4 Nc6 10. Qd2 Ng4 11. h3 Nge5 12. Bh6 Nxf3+ 13. Bxf3 Nd4 14. Bg2 e5 15. Bxg7 Kxg7 16. Ne2 Ne6 17. f4 exf4 18. Nxf4 Nd4 19. Rf2 Qg5 20. Kh2 Rae8 21. Raf1 Re5 22. h4 Qe7 23. Ne2 Nxe2 {0-1 Goroshkov,M (2111)-Brunello,S (2508) EU-ch 22nd Terme Catez 2022 (6)}) ({RR} 9. Bg5 Nc6 10. Qd2 Re8 11. Rae1 Nd7 12. Nh4 Nd4 13. Bh6 Bh8 14. f4 Nf6 15. f5 Ng4 16. Bg5 Rb8 17. Nd5 Bxd5 18. exd5 Ne5 19. Be4 b5 20. b3 a5 21. Bf4 Bf6 22. Bxe5 dxe5 23. fxg6 hxg6 {1-0 Najdorf,M-Corral,H Montevideo 1954 (13)}) ({RR} 9. h3 Nbd7 10. Bg5 a6 11. Qd2 Re8 12. Bh6 Bh8 13. Nh4 e6 14. Kh2 Rb8 15. Be3 b5 16. cxb5 axb5 17. Nxb5 Qb6 18. Nc3 Ba6 19. Rfb1 Ne5 20. Bf1 Qb7 21. f4 Nc6 22. Bg2 Nd7 23. Nf3 Qa7 {1-0 Flesch,J-Ulvestad,O Costa del Sol-05 1965 (9)}) 9... a6 10. Nh2 Nc6 11. a4 Rb8 12. g4 Nd4 13. h5 b5 14. axb5 axb5 15. cxb5 Bc8 16. hxg6 fxg6 17. f4 Be6 18. Bf3 g5 19. f5 Bb3 20. Qd2 h6 21. Bd1 Bxd1 22. Qxd1 Nxb5 23. Qb3+ Kh8 24. Nxb5 Qb6 25. Qe6 Qxb5 26. Rf3 Ra8 27. Rb1 Qd7 28. Bd2 Qxe6 29. fxe6 Nh7 30. b4 Ra2 31. Rxf8+ Nxf8 32. b5 Nxe6 33. b6 Nd8 34. Nf3 Nb7 35. Kf2 Kg8 36. Ke3 Kf7 37. Rb3 Ke6 38. Bc3 Bxc3 39. Rxc3 Rb2 40. Ra3 Rxb6 41. Ra8 Kd7 42. Rh8 Na5 43. Rxh6 Rb3 44. Ke2 Rb2+ 45. Ke3 c4 46. dxc4 Nxc4+ 47. Kd4 Rb3 48. Kxc4 Rxf3 49. e5 Kc6 50. Re6 Rf4+ 51. Kd3 Kd5 52. Rxe7 dxe5 53. Re8 Rxg4 54. Ke3 Rf4 55. Rg8 g4 56. Rg6 Ra4 57. Ke2 Rb4 58. Ke1 Rf4 59. Ke2 Kd4 60. Rg8 e4 61. Rg7 Ke5 62. Rg5+ Kf6 63. Rb5 Rf3 64. Ra5 g3 65. Ra8 Kg5 66. Re8 Rf2+ 67. Ke3 Kg4 68. Rh8 Rf3+ 69. Kxe4 Ra3 70. Rg8+ Kh3 71. Kf4 Kh2 72. Rh8+ Kg1 0-1

[Event "45th Olympiad 2024"]
[Site "Budapest HUN"]
[Date "2024.09.16"]
[Round "6.13"]
[Board "2"]
[White "Sarana, Alexey"]
[Black "Salinas Herrera, Pablo"]
[Result "1-0"]
[WhiteElo "2713"]
[BlackElo "2479"]
[PlyCount "119"]
[EventDate "2024.09.11"]
[WhiteTeam "Serbia"]
[BlackTeam "Chile"]
[WhiteTeamCountry "SRB"]
[BlackTeamCountry "CHI"]

1. d4 d5 2. c4 e6 3. Nc3 Nf6 4. Nf3 c6 5. Bg5 Be7 6. e3 Nbd7 7. Bd3 h6 8. Bh4 dxc4 9. Bxc4 O-O 10. O-O b6 11. Qe2 Bb7 12. Rfd1 Nh5 13. Bxe7 Qxe7 14. Ba6 $146 ({RR} 14. Rac1 Rfd8 15. Ba6 Rab8 16. Bxb7 Rxb7 17. Ne5 Nxe5 18. dxe5 g6 19. Ne4 c5 20. g4 Ng7 21. Rxd8+ Qxd8 22. Rd1 Qe7 23. Nf6+ Kf8 24. Qf3 Ne8 25. Qf4 g5 26. Qe4 Qc7 27. Qh7 Ke7 28. Qxh6 Nxf6 {1-0 Matuszewski,M (2144)-Proszynski,W (2078) Warsaw YMCA Autumn 42nd 2007 (11)}) 14... Bxa6 15. Qxa6 Nhf6 16. e4 Rfc8 17. Rac1 Qd8 18. a3 Rc7 19. b4 Qc8 20. Qc4 Ne8 21. Qf1 Qb7 22. Qd3 Rd8 23. a4 Nf8 24. Ne5 Nd7 25. Nc4 Rcc8 26. h3 Qb8 27. Qe2 Nf8 28. g3 Qb7 29. h4 Qe7 30. Rb1 Rc7 31. Rd2 Nd6 32. Ne3 Ne8 33. Qc4 Qf6 34. Kg2 Qg6 35. Qe2 Nf6 36. Nc4 Ne8 37. a5 Qf6 38. Qe3 Qe7 39. axb6 axb6 40. Nxb6 Rb8 41. Nba4 Rxb4 42. Rxb4 Qxb4 43. e5 Qe7 44. Nc5 Ra7 45. Rb2 Nc7 46. Rb8 Nd5 47. Qf3 Nxc3 48. Qxc3 f5 49. Qf3 Rc7 50. h5 Qf7 51. Qb3 Re7 52. Qf3 Re8 53. Rb7 Re7 54. Rxe7 Qxe7 55. Qxc6 Kh7 56. d5 exd5 57. Qd6 Qf7 58. e6 Qf6 59. Qxd5 Kh8 60. Qa8 1-0

[Event "45th Olympiad 2024"]
[Site "Budapest HUN"]
[Date "2024.09.16"]
[Round "6.13"]
[Board "3"]
[White "Vasquez Schroeder, Rodrigo"]
[Black "Indjic, Aleksandar"]
[Result "0-1"]
[WhiteElo "2457"]
[BlackElo "2611"]
[PlyCount "64"]
[EventDate "2024.09.11"]
[WhiteTeam "Chile"]
[BlackTeam "Serbia"]
[WhiteTeamCountry "CHI"]
[BlackTeamCountry "SRB"]

1. e4 e5 2. Nf3 Nc6 3. Bc4 Nf6 4. d3 h6 5. c3 d6 6. a4 g5 7. a5 a6 ({RR} 7... Bg7 8. a6 b6 9. O-O O-O 10. Nbd2 Ne7 11. Bb3 Ng6 12. Nc4 g4 13. Ne1 d5 14. exd5 Nxd5 15. Ne3 Nxe3 16. fxe3 Qd6 17. Ra4 h5 18. Nc2 Be6 19. Bxe6 Qxe6 20. e4 Rad8 21. Ne3 Nf4 22. Nf5 {0-1 Caruana,F (2796)-Sindarov,J (2674) Titled Tue 2nd Jul Early 2024 (6)}) 8. Qb3 ({RR} 8. b4 Bg7 9. Nbd2 Ne7 10. Bb3 Ng6 11. g3 g4 12. Ng1 h5 13. Ne2 h4 14. Nf1 Be6 15. Bg5 Qd7 16. Ne3 hxg3 17. Nxg3 Bxb3 18. Qxb3 Nh7 19. Ngf5 Nxg5 20. Nxg7+ Kf8 21. Ngf5 Nf3+ 22. Kd1 Nf4 {1-0 Jobava,B (2588)-Indjic,A (2604) Cappelle Online Blitz op 2022 (11)}) 8... Qe7 9. Nbd2 Rb8 $146 ({RR} 9... Bg7 10. Nf1 O-O 11. Ne3 Ng4 12. O-O Nxe3 13. fxe3 Rb8 14. Qc2 Be6 15. Nd2 Kh8 16. b4 f5 17. Bxe6 Qxe6 18. Bb2 f4 19. Nc4 Rf7 20. Qe2 Rbf8 21. d4 exd4 22. exd4 d5 23. Nd2 dxe4 24. Qxe4 {½-½ Neelotpal,D (2350)-Cieslak,P (2284) Titled Tue 28th Nov Early 2023 (5)}) ({RR} 9... Nd7 10. Nf1 Nc5 11. Qc2 g4 12. Ng1 f5 13. Ne3 f4 14. Nd5 Qg7 15. g3 f3 16. h3 h5 17. hxg4 Bxg4 18. Bg5 Qxg5 19. Nxc7+ Kd8 20. Nxa8 h4 21. gxh4 Rxh4 22. Rxh4 Qxh4 23. b4 Bh6 24. bxc5 {0-1 Domingo Nunez,R (2406)-Shirov,A (2665) TCh-ESP Rapid 2024 (6.1)}) ({RR} 9... Bg7 10. Nf1 Nd8 11. Ng3 Bg4 12. Be3 Nh5 13. Nxh5 Bxh5 14. Nd2 {½-½ Zhapova,Y (2110)-Vlasova,O (1850) ch-RUS Rapid w 2023 (9.14)}) ({RR} 9... Bg7 10. Nf1 Nh5 11. Ne3 Nf4 12. g3 Ne6 13. h4 Nc5 14. Qd1 g4 15. Nd2 h5 16. b4 Ne6 17. f3 Bd7 18. fxg4 hxg4 19. Nf5 Qf8 20. Qxg4 Bf6 21. Nf1 O-O-O 22. N1e3 Ne7 23. Qf3 Nxf5 24. Nxf5 {1-0 Fedoseev,V (2678)-Matinian,N (2475) PNWCC-ch Online blitz 2020 (6)}) 10. Nf1 Be6 11. Ne3 Qd7 12. h4 g4 13. Nh2 h5 14. Nd5 Bg7 15. Nf1 Bxd5 16. exd5 Ne7 17. Bxa6 Qc8 18. Bc4 O-O 19. Bg5 b5 20. axb6 Rxb6 21. Qd1 Nexd5 22. Ng3 Nf4 23. O-O Nh7 24. Bxf4 exf4 25. Nxh5 Qf5 26. Ra5 Be5 27. d4 Qxh5 28. dxe5 Qxh4 29. e6 c5 30. e7 Re8 31. Qd2 Rxe7 32. Re1 Rxb2 0-1

[Event "45th Olympiad 2024"]
[Site "Budapest HUN"]
[Date "2024.09.16"]
[Round "6.13"]
[Board "4"]
[White "Markus, Robert"]
[Black "Marrujo Pardo, Mauricio Emmanuel"]
[Result "1-0"]
[WhiteElo "2586"]
[BlackElo "2332"]
[PlyCount "71"]
[EventDate "2024.09.11"]
[WhiteTeam "Serbia"]
[BlackTeam "Chile"]
[WhiteTeamCountry "SRB"]
[BlackTeamCountry "CHI"]

1. d4 d5 2. c4 dxc4 3. e3 e6 4. Bxc4 Nf6 5. Qe2 c5 6. Nf3 a6 7. dxc5 Bxc5 8. O-O b5 9. Bd3 O-O ({RR} 9... Nc6 10. Rd1 Qb6 11. Nbd2 Bb7 12. Nb3 O-O 13. Nxc5 Qxc5 14. Bd2 Rfd8 15. Rac1 Qh5 16. e4 Rac8 17. h3 Nd7 18. Qe3 Nce5 19. Be2 Nc4 20. Bxc4 bxc4 21. Bc3 Nc5 22. Rxd8+ Rxd8 23. Nd2 Nd3 24. Rb1 {½-½ Anand,V (2725)-Rublevsky,S (2610) Moscow PCA-GP Kremlin Stars rapid 1996 (2.1)}) 10. Nbd2 ({RR} 10. e4 Bb7 11. e5 Nfd7 12. Bxh7+ Kxh7 13. Ng5+ Kg8 14. Qh5 Be4 15. Nxe4 f6 16. exf6 Bxf2+ 17. Rxf2 Nxf6 18. Nxf6+ Rxf6 19. Rxf6 Qxf6 20. Qf3 Qxf3 21. gxf3 Nc6 22. Nc3 Nd4 23. Kg2 Rf8 24. f4 Nc2 {1-0 Kleymenova,V (2182)-Darmaeva,N (1903) TCh-RUS Blitz w 2023 (11.9)}) 10... Nc6 $146 ({RR} 10... Bb7 11. Rd1 Nbd7 12. h3 Re8 13. Ng5 Qb8 14. Nge4 Be7 15. Nxf6+ Nxf6 16. e4 Qe5 17. Nf3 Qh5 18. Bf4 h6 19. Rac1 Rac8 20. Qe1 b4 21. Rxc8 Rxc8 22. Ne5 Bc5 23. Be2 Qh4 24. g3 Qxh3 25. Bf1 {½-½ Barvin,K (2315)-Nguyen,T (2095) Budapest FS07 IM-A 1998 (6)}) ({RR} 10... Bb7 11. a4 b4 12. b3 Nbd7 13. Bb2 Re8 14. Rfd1 e5 15. Ng5 h6 16. Nge4 Qe7 17. Nxc5 Nxc5 18. Bc4 Qc7 19. h3 Qc6 20. Nf3 Nce4 21. Rac1 Nc5 22. Bxf7+ Kxf7 23. Qc4+ Kg6 24. Qxc5 Qxc5 25. Rxc5 {1-0 Makeev,N (1990)-Romanov,S (2071) RUS-chB U14 Dagomys 2009 (7)}) 11. Ne4 Qd5 12. Nxf6+ gxf6 13. Rd1 Qh5 14. a4 b4 15. b3 Bb7 16. Bb2 Kg7 17. Be4 Qg4 18. Qc2 Nd4 19. Rxd4 Bxd4 20. Bxb7 Bxb2 21. Qxb2 Ra7 22. Bc6 Rc7 23. Rc1 Rfc8 24. Rc4 Qf5 25. e4 Qf4 26. Qc2 Qd6 27. Nd4 Rd8 28. g3 Qe5 29. Nf3 Qa1+ 30. Kg2 Rdc8 31. e5 f5 32. Qd2 h6 33. Rh4 Rh8 34. Qd6 Rcc8 35. Qe7 Rxc6 36. Ng5 1-0

[Event "45th Olympiad 2024"]
[Site "Budapest HUN"]
[Date "2024.09.16"]
[Round "6.14"]
[Board "1"]
[White "Sadorra, Julio Catalino"]
[Black "Martirosyan, Haik M."]
[Result "1-0"]
[WhiteElo "2542"]
[BlackElo "2667"]
[PlyCount "125"]
[EventDate "2024.09.11"]
[WhiteTeam "Philippines"]
[BlackTeam "Armenia"]
[WhiteTeamCountry "PHI"]
[BlackTeamCountry "ARM"]

1. d4 Nf6 2. c4 e6 3. Nc3 Bb4 4. e3 O-O 5. Bd2 c5 6. a3 Bxc3 7. Bxc3 Ne4 8. Ne2 b6 9. d5 Ba6 10. b3 b5 11. Qc2 exd5 12. cxd5 Nxc3 13. Qxc3 d6 14. Ng3 g6 $146 ({RR} 14... Nd7 15. Be2 Nf6 16. Qd2 g6 17. e4 Re8 18. f3 c4 19. b4 Qb6 20. h4 h5 21. Nf5 Re5 22. Qh6 gxf5 23. Qxf6 fxe4 24. fxe4 Qe3 25. Rf1 Qc3+ 26. Kf2 Rf8 27. Bf3 Qd4+ 28. Kg3 Rxd5 29. Qxd4 {½-½ Malek,J (2482)-Talibov,S (2395) 32nd EY Open U18 2024 (9.7)}) ({RR} 14... Nd7 15. Be2 Nf6 16. Qd2 Re8 17. f3 Qb6 18. e4 Bc8 19. a4 Bd7 20. axb5 Bxb5 21. Bxb5 Qxb5 22. Nf5 Nxe4 23. fxe4 Rxe4+ 24. Kf2 Re5 25. Nxd6 Qb6 26. Nc4 Qf6+ 27. Kg1 Re2 28. Rf1 Rxd2 29. Rxf6 {1-0 Nakamura,H (2794)-Praggnanandhaa,R (2747) 12th Norway Chess 2024 (4.2)}) ({RR} 14... Nd7 15. Be2 Nf6 16. Qd2 Qb6 17. O-O Rfe8 18. Rfe1 Bb7 19. Bf3 Re5 20. e4 Rae8 21. b4 h5 22. h4 c4 23. a4 a6 24. axb5 axb5 25. Red1 g6 26. Ra5 Bc8 27. Qd4 Qxd4 28. Rxd4 Bd7 29. Ra6 {½-½ Sandipan,C (2474)-Ghosh,D (2544) Bangabandhu Premier 2022 (7.2)}) ({RR} 14... Nd7 15. Be2 Nf6 16. Rd1 Rb8 17. b4 Rc8 18. O-O Bb7 19. e4 a6 20. f4 Re8 21. Bf3 cxb4 22. Qxb4 Rc4 23. Qb2 Qb6+ 24. Kh1 Nd7 25. Rc1 Rxc1 26. Rxc1 f6 27. Nf5 g6 28. Nd4 Nc5 29. Qc2 {0-1 Bashylina,L (2179)-Heinemann,J (2360) German Masters Women 2023 (8.2)}) 15. Be2 Re8 16. Qd2 Nd7 17. e4 h5 18. h4 c4 19. Qf4 Re5 20. bxc4 bxc4 21. O-O Rc8 22. Rfc1 Qe7 23. Rab1 Nb6 24. Rb4 Rc5 25. a4 Bc8 26. Ra1 c3 27. a5 Nd7 28. a6 c2 29. Rc1 Nf6 30. Bd3 Kg7 31. Rb2 Rc3 32. Qd2 Nxd5 33. Bxc2 Rc5 34. exd5 Bxa6 35. Rbb1 Qxh4 36. Bb3 Rxc1+ 37. Rxc1 Bb5 38. Qc3 Qf4 39. Re1 h4 40. Ne4 Kh6 41. g3 hxg3 42. fxg3 Qg4 43. Nxd6 Rxe1+ 44. Qxe1 Qf3 45. Nxb5 Qxb3 46. Qd2+ Kg7 47. Nc3 Kf8 48. Kg2 a5 49. Ne4 Qb4 50. Qh6+ Ke8 51. Qh8+ Kd7 52. Qe5 f5 53. Nc3 a4 54. Qe6+ Kd8 55. Qf6+ Kd7 56. Qc6+ Ke7 57. d6+ Qxd6 58. Nd5+ Ke6 59. Nf4+ Ke7 60. Nxg6+ Ke6 61. Nf4+ Ke7 62. Qxa4 Qc5 63. Qb4 1-0

[Event "45th Olympiad 2024"]
[Site "Budapest HUN"]
[Date "2024.09.16"]
[Round "6.14"]
[Board "2"]
[White "Sargsyan, Shant"]
[Black "Quizon, Daniel"]
[Result "1-0"]
[WhiteElo "2649"]
[BlackElo "2490"]
[PlyCount "137"]
[EventDate "2024.09.11"]
[WhiteTeam "Armenia"]
[BlackTeam "Philippines"]
[WhiteTeamCountry "ARM"]
[BlackTeamCountry "PHI"]

1. d4 Nf6 2. c4 g6 3. Nc3 Bg7 4. e4 d6 5. Be2 c5 6. Nf3 cxd4 7. Nxd4 O-O 8. O-O Nc6 9. Be3 Bd7 10. Nc2 Rc8 11. Qd2 a6 12. Rad1 ({RR} 12. f3 Ne5 13. b3 b5 14. cxb5 Qc7 15. Bd4 axb5 16. Rac1 Qa5 17. b4 Qa6 18. a4 Nc4 19. Qe1 e5 20. Bf2 Bh6 21. Rd1 Nd2 22. axb5 Qb7 23. Rxd2 Rxc3 24. Rxd6 Rxc2 25. Rxf6 Rxe2 26. Qxe2 Bxb5 {0-1 Matlakov,M (2694)-Lobanov,S (2429) EU-ch rapid Tallinn 2016 (3)}) 12... Ne5 $146 ({RR} 12... Qa5 13. b4 Qc7 14. c5 dxc5 15. bxc5 Qa5 16. Nd5 Qxd2 17. Rxd2 Nxe4 18. Nxe7+ Nxe7 19. Rxd7 Nf5 20. Rxb7 Nxe3 21. Nxe3 Rxc5 22. Bxa6 Ra5 23. Bd3 Nd2 24. Rd1 Rxa2 25. Bc2 Nc4 26. Bb3 Nxe3 27. fxe3 {½-½ Kuciel,W (2042)-Wisniewski,M (1848) Pobeskydy op 2013 (3)}) ({RR} 12... Na5 13. b3 b5 14. Bg5 bxc4 15. e5 cxb3 16. exf6 exf6 17. Nd4 fxg5 18. axb3 Nxb3 19. Nxb3 Rxc3 20. Qxd6 Qe8 21. Bxa6 Ba4 22. Rde1 Qc6 23. Qxc6 Rxc6 24. Rb1 Rxa6 25. Nc5 Raa8 26. Rb7 Bc6 27. Rc7 {0-1 Starosta,M (2266)-Klukin,K (2413) Titled Tue 16th Jul Early 2024 (2)}) 13. c5 Bc6 14. f3 dxc5 15. Bxc5 Qxd2 16. Rxd2 Bh6 17. Be3 Bxe3+ 18. Nxe3 g5 19. Nf5 Rc7 20. h4 gxh4 21. Nxh4 Ng6 22. Nf5 e6 23. Ne3 h5 24. g3 Kg7 25. Kf2 Rh8 26. Rh1 Rcc8 27. Nc4 b5 28. Nd6 Rc7 29. Rc1 Bxe4 30. Ndxe4 Nxe4+ 31. fxe4 b4 32. Bxa6 Ra8 33. Rd6 Rca7 34. Bc4 bxc3 35. Rxc3 Ne5 36. Bb3 Kf6 37. Rd2 Rb7 38. Ke3 Ra5 39. Rdc2 Ng4+ 40. Kf3 Ne5+ 41. Ke3 Ng4+ 42. Kd2 Rd7+ 43. Kc1 Ne5 44. Rd2 Rb7 45. a3 Ng6 46. Bd1 h4 47. gxh4 Nxh4 48. b4 Ra8 49. Kb2 Ng6 50. Rc5 Rab8 51. Bh5 Nf4 52. Bf3 Ra7 53. e5+ Ke7 54. Rd4 Ng6 55. Bh5 Nh8 56. b5 f6 57. exf6+ Kxf6 58. a4 e5 59. Re4 Re7 60. Kb3 Kf5 61. Re1 Kf4 62. a5 e4 63. Rf1+ Ke3 64. b6 Kd4 65. Kb4 e3 66. Rf4+ Kd3 67. Rd5+ Kc2 68. Rc4+ Kb2 69. Rdc5 1-0

[Event "45th Olympiad 2024"]
[Site "Budapest HUN"]
[Date "2024.09.16"]
[Round "6.14"]
[Board "3"]
[White "Bersamina, Paulo"]
[Black "Sargissian, Gabriel"]
[Result "1/2-1/2"]
[WhiteElo "2425"]
[BlackElo "2646"]
[PlyCount "203"]
[EventDate "2024.09.11"]
[WhiteTeam "Philippines"]
[BlackTeam "Armenia"]
[WhiteTeamCountry "PHI"]
[BlackTeamCountry "ARM"]

1. e4 e5 2. Nf3 Nc6 3. d4 exd4 4. Bc4 Nf6 5. e5 d5 6. Bb5 Ne4 7. Nxd4 Bc5 8. Be3 O-O 9. Nxc6 bxc6 10. Bxc5 Nxc5 11. Bxc6 Rb8 12. Qxd5 Qe7 13. O-O Rxb2 14. Qd4 Rxc2 15. Nc3 Ne6 ({RR} 15... Be6 16. Rfd1 h6 17. Rab1 a6 18. Qb4 Bf5 19. Nd5 Qe6 20. h3 Kh7 21. Ba4 a5 22. Qa3 Rd8 23. Bxc2 Bxc2 24. Nf6+ gxf6 25. Rxd8 Bxb1 26. Qxc5 Qxe5 27. Qxe5 fxe5 28. a3 a4 29. Rc8 Kg6 30. Rxc7 {1-0 Sanal,V (2581)-Sargissian,G (2682) Online Olym Div Top-C rapid 2020 (3.2)}) 16. Qd3 ({RR} 16. Qe3 Qc5 17. Qxc5 Nxc5 18. Rfc1 Rxc1+ 19. Rxc1 Nd3 20. Rb1 Nxe5 21. Be4 Be6 22. Rb7 f5 23. Bc2 Rd8 24. f4 Ng4 25. Rxc7 Rd2 26. Bd1 Ne3 27. Bf3 Rc2 28. Re7 Rxc3 29. Rxe6 a5 30. h3 Kf7 {1-0 Van Foreest,J (2697)-Matlakov,M (2677) Titled Tue 29th Aug Early 2023 (10)}) 16... Rb2 17. Qe3 ({RR} 17. Nd5 Qc5 18. Rac1 Qd4 19. Qg3 Ba6 20. Rfd1 Rd2 21. Re1 Rd8 22. Ne7+ Kf8 23. Qa3 Qxf2+ 24. Kh1 Nc5 25. e6 fxe6 26. Qa5 Kxe7 27. Qxc7+ R8d7 28. Qa5 R7d5 29. Rg1 Qd4 30. Bxd5 Nd7 31. Bf3 Bc4 {1-0 Narva,M (2418)-Mammadova,G (2360) Swiss Queens Wed #15 2024 (6.145)}) 17... Qc5 18. Qxc5 $146 ({RR} 18. Nd5 Ba6 19. Qxc5 Nxc5 20. Rfb1 Rfb8 21. Rxb2 Rxb2 22. Nxc7 Bd3 23. h4 Bb1 24. a4 Nb3 25. Ra3 Nd4 26. Bd5 Kf8 27. Re3 Rc2 28. Nb5 Nf5 29. Re1 Rb2 30. Nxa7 Nd4 31. a5 Ba2 32. Be4 Bc4 {1-0 Bulmaga,I (2423)-Beydullayeva,G (2383) FIDE Grand Swiss Women 2023 (5.9)}) 18... Nxc5 19. Rab1 Rc2 20. Nd5 Be6 21. Rfd1 g6 22. a3 Kh8 23. Nb4 Rc3 24. Rbc1 Rxc1 25. Rxc1 Rd8 26. Bf3 Nb3 27. Rxc7 Nd4 28. h4 a5 29. Na6 Nxf3+ 30. gxf3 Rd5 31. Rc5 Rd3 32. Rxa5 Rxf3 33. Nc7 Bd7 34. Ra6 Kg7 35. Rd6 Ba4 36. e6 Rc3 37. Nd5 Rc1+ 38. Kh2 fxe6 39. Rxe6 Bb3 40. Re7+ Kf8 41. Rc7 Rf1 42. Kg2 Ra1 43. Nf6 Rxa3 44. Nxh7+ Kg8 45. Nf6+ Kf8 46. Rc3 Kg7 47. Ne4 Ra4 48. Rc7+ Kf8 49. Nc5 Rb4 50. Kg3 Kg8 51. Nd3 Rb5 52. Rc5 Rxc5 53. Nxc5 Bc2 54. Kf4 Kg7 55. Kg5 Bb1 56. Ne6+ Kf7 57. Nd4 Kg7 58. Nc6 Be4 59. Ne5 Bb1 60. Ng4 Bc2 61. Kf4 Bd1 62. Ne3 Be2 63. Kg5 Bd3 64. Ng2 Be4 65. Nf4 Bb1 66. Ne2 Bd3 67. Ng3 Bb1 68. Nf1 Bd3 69. Nd2 Bc2 70. Nc4 Bd3 71. Ne5 Bb1 72. Ng4 Bc2 73. Kf4 Bd1 74. Kg3 Bc2 75. Kf3 Bd1+ 76. Kf4 Be2 77. Kg5 Bd3 78. Nf6 Bb1 79. Ne8+ Kf7 80. Nc7 Kg7 81. Na6 Bd3 82. Nb4 Bb1 83. f3 Kh7 84. Nd5 Kg7 85. Nf4 Bc2 86. Ng2 Bb1 87. Ne1 Ba2 88. Nd3 Bb1 89. Nc5 Bc2 90. Ne6+ Kf7 91. Nd4 Bb1 92. Kf4 Kf6 93. Ne2 Bc2 94. Ng3 Bd1 95. Nh1 g5+ 96. hxg5+ Kg6 97. Ng3 Bxf3 98. Nf5 Bd1 99. Nh4+ Kg7 100. Nf5+ Kg6 101. Nh4+ Kg7 102. Nf5+ 1/2-1/2

[Event "45th Olympiad 2024"]
[Site "Budapest HUN"]
[Date "2024.09.16"]
[Round "6.14"]
[Board "4"]
[White "Hovhannisyan, Robert"]
[Black "Gomez, John Paul"]
[Result "1-0"]
[WhiteElo "2619"]
[BlackElo "2408"]
[PlyCount "177"]
[EventDate "2024.09.11"]
[WhiteTeam "Armenia"]
[BlackTeam "Philippines"]
[WhiteTeamCountry "ARM"]
[BlackTeamCountry "PHI"]

1. e4 e5 2. Nf3 Nc6 3. Bb5 Nf6 4. O-O Nxe4 5. d4 Nd6 6. Bxc6 dxc6 7. dxe5 Nf5 8. Qxd8+ Kxd8 9. Rd1+ Ke8 10. Nc3 Be7 11. h3 b6 $146 ({RR} 11... Be6 12. Bg5 Bxg5 13. Nxg5 c5 14. Nb5 Ke7 15. Nxc7 Rad8 16. c3 Rxd1+ 17. Rxd1 Bxa2 18. Ra1 Rc8 19. Nb5 a6 20. Nd6 Nxd6 21. exd6+ Kf6 22. Ne4+ Ke5 23. d7 Rd8 24. Nxc5 Bd5 25. Rd1 Kd6 26. Nxb7+ {1-0 Leon Hoyos,M (2281)-Castillo,K Codicader 3rd 2003 (2)}) ({RR} 11... h5 12. g3 b6 13. Kg2 Bd7 14. Bf4 Rd8 15. b3 Be6 16. Rxd8+ Bxd8 17. Rd1 Be7 18. Ne2 c5 19. c4 Rg8 20. Bg5 f6 21. exf6 gxf6 22. Bf4 Nd6 23. Nc3 Kf7 24. Nd5 Bd8 25. Bxd6 cxd6 26. Nf4 {1-0 Kamsky,G (2666)-Andreikin,D (2729) Chess.com Rapid CGC KO 2022 (2.4)}) ({RR} 11... Be6 12. g4 Nh4 13. Nxh4 Bxh4 14. Kg2 Be7 15. a4 h5 16. f3 hxg4 17. hxg4 f5 18. exf6 gxf6 19. Bf4 f5 20. gxf5 Bxf5 21. Ne4 Kf7 22. Rh1 Bh4 23. Ra3 Rag8+ 24. Kf1 Bxe4 25. fxe4 Rg4 26. Rf3 {½-½ Buckley,G (2311)-Hill,A (2101) IV Mindsports Int Open 2024 (2.7)}) ({RR} 11... h6 12. b3 {½-½ Rios,C (2445)-Mateus Urbano,L (2305) Capablanca Memorial op 53rd 2018 (2)}) ({RR} 11... h5 12. Bg5 Be6 13. Rd2 Rd8 14. Rad1 Rxd2 15. Rxd2 h4 16. a3 Rh5 17. Bxe7 Nxe7 18. Rd4 Ng6 19. Re4 Ke7 20. Kf1 Rh8 21. Rd4 Rh5 22. Re4 Rh8 23. Ra4 a6 24. Rd4 b6 25. Ke2 Bf5 26. Rc4 {½-½ Quparadze,G (2476)-Lazavik,D (2440) Titled Tuesday intern op 28th Sept blitz 2021 (11)}) 12. a4 a5 13. Bf4 h6 14. g4 Nh4 15. Nxh4 Bxh4 16. Ne2 Bd7 17. Ra3 c5 18. Nc3 Bc6 19. Nb5 Bxb5 20. axb5 Rd8 21. Rad3 Rxd3 22. Rxd3 Bd8 23. Kg2 h5 24. c4 hxg4 25. hxg4 g5 26. Bd2 Rg8 27. Rh3 Kd7 28. Kf3 Ke6 29. Ke4 Be7 30. Rh6+ Rg6 31. Rh1 Rg8 32. b3 Bd8 33. Rh6+ Rg6 34. Rh8 Be7 35. Bc3 Rg7 36. Bb2 Rg6 37. Bc1 Rg7 38. Be3 Rg6 39. Ra8 Rg7 40. Re8 Rg6 41. Rh8 Rg7 42. Bd2 Rg6 43. Rc8 Kd7 44. Ra8 Ke6 45. f3 Rg7 46. Rh8 Rg6 47. Be1 Rg7 48. Bg3 Rg6 49. Rh1 Rg8 50. Rh5 Bf8 51. Bf2 Rg6 52. Be1 Rg8 53. Bg3 Rg6 54. f4 gxf4 55. Kxf4 Rg8 56. Bh4 Bg7 57. Ke4 Rh8 58. Kf4 Bh6+ 59. Kf3 Bg7 60. Ke4 Rg8 61. Rg5 Rh8 62. Rh5 Rg8 63. Rf5 Bh8 64. Kf4 Ra8 65. Bf6 Bxf6 66. Rxf6+ Ke7 67. Ke4 Rd8 68. Rc6 Rd4+ 69. Kf5 Kd8 70. Rf6 Ke7 71. e6 fxe6+ 72. Rxe6+ Kf7 73. g5 Rd7 74. g6+ Kg7 75. Kg5 Rd3 76. Re7+ Kg8 77. Rxc7 Rxb3 78. Rb7 Rc3 79. Kf6 Rf3+ 80. Ke5 Rc3 81. Kd5 Rd3+ 82. Kc6 Rd4 83. Rxb6 Rxc4 84. Ra6 Rg4 85. b6 Rxg6+ 86. Kb5 Rg1 87. b7 Rb1+ 88. Kc6 c4 89. Rb6 1-0

[Event "45th Olympiad 2024"]
[Site "Budapest HUN"]
[Date "2024.09.16"]
[Round "6.15"]
[Board "1"]
[White "Bjerre, Jonas Buhl"]
[Black "Navara, David"]
[Result "1/2-1/2"]
[WhiteElo "2648"]
[BlackElo "2681"]
[PlyCount "84"]
[EventDate "2024.09.11"]
[WhiteTeam "Denmark"]
[BlackTeam "Czech Republic"]
[WhiteTeamCountry "DEN"]
[BlackTeamCountry "CZE"]

1. e4 e5 2. Nf3 Nc6 3. Bb5 Nf6 4. d3 Bc5 5. Bxc6 dxc6 6. O-O Nd7 7. c3 O-O 8. d4 Bd6 9. Bg5 Qe8 10. Re1 a5 11. Bh4 f6 12. Nbd2 Qf7 13. Bg3 Re8 14. b3 Nb6 $146 ({RR} 14... a4 15. Qc2 axb3 16. axb3 Rxa1 17. Rxa1 exd4 18. cxd4 Nb6 19. h3 Bxg3 20. fxg3 Be6 21. Ra7 Rb8 22. Kh2 h6 23. b4 Nc8 24. Ra1 Nd6 25. Rf1 Nb5 26. Nb1 Rd8 27. Qb2 Qd7 28. Rd1 f5 29. exf5 {½-½ Firouzja,A (2728)-So,W (2770) Saint Louis Blitz 2020 (14)}) 15. Qc2 c5 16. dxe5 fxe5 17. Nf1 Bg4 18. Nh4 c4 19. Nf5 cxb3 20. axb3 Bxf5 21. exf5 Nd5 22. Nd2 Ne7 23. Bxe5 Qxf5 24. Qxf5 Nxf5 25. Nc4 b5 26. Nxd6 cxd6 27. Bf4 Rxe1+ 28. Rxe1 a4 29. bxa4 bxa4 30. g4 Nh4 31. Ra1 d5 32. Kf1 Kf7 33. Ke2 Ng6 34. Bg3 Nf8 35. Kd3 Ne6 36. Ra3 Rc8 37. Bd6 Rc4 38. f3 Nf4+ 39. Kc2 Ng2 40. Kd3 Nf4+ 41. Kc2 Ng2 42. Kd3 Nf4+ 1/2-1/2

[Event "45th Olympiad 2024"]
[Site "Budapest HUN"]
[Date "2024.09.16"]
[Round "6.15"]
[Board "2"]
[White "Nguyen, Thai Dai Van"]
[Black "Andersen, Mads"]
[Result "1-0"]
[WhiteElo "2647"]
[BlackElo "2598"]
[PlyCount "89"]
[EventDate "2024.09.11"]
[WhiteTeam "Czech Republic"]
[BlackTeam "Denmark"]
[WhiteTeamCountry "CZE"]
[BlackTeamCountry "DEN"]

1. e4 e5 2. Nf3 Nc6 3. Bb5 a6 4. Ba4 Nf6 5. O-O Be7 6. Re1 b5 7. Bb3 O-O 8. a4 Bb7 9. d3 d5 10. exd5 Nxd5 11. Nc3 Nxc3 12. bxc3 Bf6 13. Nd2 Na5 14. Ba2 Bd5 15. Ba3 Re8 16. Bxd5 Qxd5 17. Ne4 Qe6 18. Qf3 Be7 19. Bxe7 Qxe7 20. axb5 axb5 21. Ng3 Qf6 $146 ({RR} 21... c6 22. h3 Qc7 23. Nh5 f6 24. Re4 Kh8 25. Rg4 Rg8 26. Qe4 Qf7 27. Qf5 Qe7 28. Rh4 g5 29. Re4 Rgf8 30. h4 Qf7 31. Qf3 f5 32. Rxe5 g4 33. Qf4 Qxh5 34. g3 Qf7 35. c4 Qf6 36. Rae1 {½-½ Dzhumaev,M (2495)-Navin,K (2295) Mumbai Mayors Cup 3rd 2010 (3)}) 22. Qxf6 gxf6 23. Nh5 Re6 24. Ra2 Kf8 25. f4 Ra7 26. Rea1 Rea6 27. Kf2 Ra8 28. Kf3 Ke7 29. Ke4 R6a7 30. Kf5 Ra6 31. Ra3 R8a7 32. g4 h6 33. h4 Ra8 34. Ke4 Nb7 35. Rxa6 Nc5+ 36. Kf5 Rxa6 37. Rxa6 Nxa6 38. fxe5 fxe5 39. Nf6 c6 40. Kxe5 b4 41. Ng8+ Kd7 42. c4 Nc5 43. d4 b3 44. cxb3 Nxb3 45. Nxh6 1-0